000 00548nam a2200205 a 4500
005 20140310183607.0
008 120713s19uu xx 00 eng d
020 _a9780273721789
050 _aHG 173
_b.B636 2009
100 _aBonham, Alan
245 _aFasttrack to success :
_bfinance. /
260 _aHarlow, England :
_bPrentice Hall,
_c2009.
300 _axxi, 195 p. :
_bcol. ill. ;
_c24 cm.
500 _aIncludes index.
521 _aBSBA
650 _aFinance
700 _aLangdon, Ken
942 _cBK
_2lcc
_kFOR
999 _c25183
_d25183